000 00704cam a2200193 i 4500
005 20251203111859.0
008 250721s1998 le gr 000 0 ara d
082 1 4 _a213.5
_bج ب ا
100 1 _aالجبالي، أبو محمد
_eمؤلف.
245 1 2 _aالحرز المنيع من الشيطان الرجيم /
_cالشيخ ابو محمد الجبالي ، والشيخ سعد الدين علامة.
250 _aالطبعة الاولى.
264 3 1 _aبيروت :
_bدار اليوسف،
_c1998.
300 _a135 صفحة.
650 1 7 _aالسحر.
650 1 7 _aابليس.
700 1 _aعلامة، سعد الدين
_eمؤلف.
942 _2ddc
_cBK
999 _c74863
_d74863